| 000 | 00548nam a2200205Ia 4500 | ||
|---|---|---|---|
| 003 | GCL | ||
| 008 | 140319s9999 xx 000 0 eng d | ||
| 040 |
_aGCL / _cGCL |
||
| 082 | 0 | 4 |
_a820.935 _bE F |
| 100 | 1 | _aEVANS, R. H. | |
| 245 | 1 | 0 |
_aFEMINIST READINGS IN MIDDLE ENGLISH LITERATURE / _cEVANS, R. H. |
| 700 | 1 | _aJOHNSON, LESLEY | |
| 260 |
_a[S.N] : _bROUTLEDGE ، _c1994 |
||
| 300 | _a257 P | ||
| 650 | 0 | 4 | _aENGLISH LITERATURE |
| 650 | 0 | 4 | _aMIDDLE EAST |
| 650 | 0 | 4 | _aFEMINISM AND LITERATURE |
| 650 | 0 | 4 | _aMIDDLE ENGLISH |
| 942 |
_2ddc _cBK |
||
| 999 |
_c25196 _d25196 |
||